LDR 00908naa#a2200193#i#450# 001 RU\\bibl\102933 005 20260704093501.6 011 ## _a2542-1840 100 ## _a20260630b2026####ek#y0rusy0150####ca 102 ## _aRU 200 1# _aВозможности оценки воспитательного потенциала школьной среды _eЖурнальная статья 210 1# _aКемерово _cКемеровский государственный университет _d2026 215 ## _a10 с. 608 ## _aЖурнальная статья _2local 675 ## _aЭкспериментальная педагогика. 37.013.75 _aПсихологическая педагогика. 37.013.77 _z 700 #1 _aГани _gСветлана Вячеславовна 700 #1 _aБрель _gЕлена Юрьевна 700 #1 _aМайоров _gВалерий Сергеевич 856 4# _ajsocnet.ru _u